|
|
|
|
| LEADER |
00000nam0a2200000 4500 |
| 001 |
144578 |
| 005 |
20231031143739.0 |
| 010 |
|
|
|a 9785947748277
|
| 035 |
|
|
|a (RuTPU)RU\TPU\book\156675
|
| 090 |
|
|
|a 144578
|
| 100 |
|
|
|a 20081006d2008 m y0rusy50 ca
|
| 101 |
0 |
|
|a rus
|
| 102 |
|
|
|a RU
|
| 105 |
|
|
|a a j 001zy
|
| 200 |
1 |
|
|a Устройство и функционирование OC Windows
|e практикум к курсу "Операционные системы"
|f К. А. Коньков
|
| 210 |
|
|
|a Москва
|c БИНОМ. Лаборатория знаний
|c Интернет-Университет информационных технологий
|d 2008
|
| 215 |
|
|
|a 207 с.
|c ил.
|
| 225 |
1 |
|
|a Основы информационных технологий
|
| 320 |
|
|
|a Библиогр.: с. 207.
|
| 330 |
|
|
|a Целью настоящего учебного пособия является иллюстрация основных положений лекционного курса «Основы операционных систем» на примере 32-разрядной версии операционной системы (ОС) Windows (Windows NT, 2000, ХР, Vista), разработанной корпорацией Microsoft. Данный курс не является руководством по системному программированию в среде Windows, но его изучение позволит лучше понять особенности функционирования операционных систем и разрабатывать более эффективные приложения. Курс ориентирован на студентов высших учебных заведений, обучающихся по специальностям в области информационных технологий.
|
| 610 |
1 |
|
|a операционные системы
|
| 610 |
1 |
|
|a Windows
|
| 610 |
1 |
|
|a Win32-приложения
|
| 610 |
1 |
|
|a разработка
|
| 610 |
1 |
|
|a процессы
|
| 610 |
1 |
|
|a потоки
|
| 610 |
1 |
|
|a синхронизация
|
| 610 |
1 |
|
|a планирование
|
| 610 |
1 |
|
|a файловые системы
|
| 610 |
1 |
|
|a система управления
|
| 610 |
1 |
|
|a система защиты
|
| 610 |
1 |
|
|a учебные пособия
|
| 610 |
1 |
|
|a информационные технологии
|
| 675 |
|
|
|a 681.3.066(075.8)
|v 3
|
| 700 |
|
1 |
|a Коньков
|b К. А.
|g Константин Алексеевич
|
| 801 |
|
1 |
|a RU
|b 63413507
|c 20081006
|g PSBO
|
| 801 |
|
2 |
|a RU
|b 63413507
|c 20160115
|g PSBO
|
| 900 |
|
|
|a Информационные технологии
|
| 900 |
|
|
|a Операционные системы
|
| 942 |
|
|
|c BK
|
| 959 |
|
|
|a 87/20081006
|d 2
|e 200,00
|f АНЛ:1
|f ЧЗТЛ:1
|